00837nam a2200193Ia 4500008004100000020001500041041001200056082001100068100001600079245006100095260003900156300000800195650000700203700001500210942000700225999001500232952019800247952019800445221030s9999 xx 000 0 und d a8131709771 aEnglish a105.23 aR. B. Yates 0aModern Information Retrievalcby R. B. Yates, B. R. Neto bPearson EdcuationaNew Delhic2008 a513 aIT aB. R. Neto cBK c9153d9153 pBE 10797g425.00i339l0o105.23 eDurga Books, Amritsarr2024-06-13 00:00:00w2022-10-30yBK003Print4070aMIETLIBbMIETLIBcBL-Academic Block B, FL-1, CUP-116, SH-1, R-1d2010-07-0210HBE pBE 10798g425.00i339l0o105.23 eDurga Books, Amritsarr2024-06-13 00:00:00w2022-10-30yBK003Print4070aMIETLIBbMIETLIBcBL-Academic Block C, FL-2, CUP-107, SH-3, R-3d2010-07-0210HBE